000 00685nam a2200205Ia 4500
001 10796
003 GE_BSU
008 181216s||||||||xx |||||||||||||| ||und||
040 _cGE_BSU
080 _a821.353.1-94
100 _aქავთარაძე,გიორგი.
245 _aჯარისკაცის ჩანაწერები.
245 _cრედ.თ.კოპლატაძე; მხატვ.გ.გელაშვილი.
260 _aთბილისი.
260 _bნაკადული.
260 _c1964.
300 _a342გვ;20სმ.
653 _aჯარისკაცის ჩანაწერები.
942 _cBK
999 _c44044
_d44044